000 01120cam a22001934a 4500
005 20250605164123.0
008 250528s ||||||||||||||||||||||||d
035 _a18359
020 _a434906972
040 _aGR-AtMCL
_bgre
_dGR-AtMCL
_eAACR2
245 1 _aAuditing / Completeness - Accuracy - Validity
260 _bMade Simple Books,
_c1990
300 _a434
520 _aAn extensive coverage of the often complex subject of auditing. Preface, Introduction, The Statutory Audit, Systems-Based Auditing, Auditing the Sales and Trade Debtors' Cycle, Auditing the Cash Received Cycle, Auditing the Purchases and Trade Creditors' Cycle, Auditing Wages and Salaries, Auditing the Stock and Work in Progress Cycle and the Bank Account, Auditing Share Capital and Debentures and Deferred Taxation, Auditing Fixed Assets, The Final Audit - Events After the Balance Sheet Date, Reports of the Auditor, Legal Aspects of Auditing, Computer Auditing, Audit of Groups, Investigations, Specialized Audits, Answers to Questions, Index.
700 1 _aGlaser K.M
_94634
942 _cBK
999 _c3721
_d3721